| 000 | 00937nmc a2200337 a 4500 | ||
|---|---|---|---|
| 003 | AR-BaBNM | ||
| 005 | 20251128204633.0 | ||
| 008 | 216019s1993 ||||||||||||||000 | spa|| | ||
| 020 | _a950-581-111-X | ||
| 040 | _cAR-BaBNM | ||
| 100 | 1 | _aNalé Roxlo, Conrado | |
| 245 | 1 | 0 |
_aUna vida difícil ; _bJudith y las rosas |
| 260 |
_aBuenos Aires _bColihue _c1993 |
||
| 300 | 0 | _a157 p. | |
| 490 | 0 |
_aLeer y crear _vv. 111 |
|
| 500 | 0 | _aPropuestas de trabajo para los alumnos | |
| 500 | 0 | _aBiografía del autor | |
| 504 | _aContiene bibliografía | ||
| 504 | _aBibliografía general | ||
| 650 | 4 | _aLITERATURA ARGENTINA | |
| 650 | 4 | _aANALISIS LITERARIO | |
| 650 | 4 | _aTEATRO | |
| 651 | 4 | _aBuenos Aires [Provincia] | |
| 653 | _aENSENANZA DE LA LITERATURA | ||
| 653 | _aEDUCACION SECUNDARIA | ||
| 653 | _aEPOCA COLONIAL | ||
| 655 | _aLITERATURA | ||
| 800 | 1 |
_aPetruzzi, Herminia _edirector |
|
| 942 | _cBK | ||
| 998 | _cisola | ||
| 999 |
_c8178 _d8178 |
||